Komparace tradičních a moderních nástrojů zvyšování konkrenceschopnosti podniku
Tradičné nástroje zvyšovania konkurencieschopnosti v súčasnej dobe nie sú postačujúce, preto sa častejšie využívajú tie moderné. Medzi tradičné nástroje patrí napr. inovácia, outsourcing, združovanie podnikov, ekonomický audit podniku, strategické partnerstvo, alebo využitie fondov Európskej únie. M...
Gespeichert in:
| 1. Verfasser: | |
|---|---|
| Format: | Buchkapitel |
| Sprache: | Tschechisch |
| Schlagworte: | |
| Tags: |
Keine Tags, Fügen Sie das erste Tag hinzu!
|
MARC
| LEADER | 00000naa a2200000 4500 | ||
|---|---|---|---|
| 001 | 0249874 | ||
| 005 | 20190109100839.5 | ||
| 041 | 0 | |a cze | |
| 044 | |a CZ | ||
| 245 | 1 | 0 | |a Komparace tradičních a moderních nástrojů zvyšování konkrenceschopnosti podniku |c Simona Činčalová |
| 520 | |a Tradičné nástroje zvyšovania konkurencieschopnosti v súčasnej dobe nie sú postačujúce, preto sa častejšie využívajú tie moderné. Medzi tradičné nástroje patrí napr. inovácia, outsourcing, združovanie podnikov, ekonomický audit podniku, strategické partnerstvo, alebo využitie fondov Európskej únie. Medzi moderné nástroje patria napr. moderný marketing, procesné a projektové riadenie, informačné technológie, techniky stimulovania kreativity, alebo simulačné techniky vzdelávania. Cieľom príspevku je porovnať tieto dve skupiny nástrojov pomocou časových, organizačných a finančných kritérií a ich váh. | ||
| 610 | 2 | 0 | |a konkurencia |
| 610 | 2 | 0 | |a konkurencieschopnosť |
| 610 | 2 | 0 | |a podnik |
| 610 | 2 | 0 | |a klaster |
| 610 | 2 | 0 | |a partnerstvo strategické |
| 610 | 2 | 0 | |a riadenie projektové |
| 610 | 2 | 0 | |a riadenie procesné |
| 610 | 2 | 0 | |a technológie informačné |
| 610 | 2 | 0 | |a technológie komunikačné |
| 610 | 2 | 0 | |a kreativita |
| 100 | 1 | |a Činčalová, Simona | |